| 000 | 00760cam a2200241 a 4500 | ||
|---|---|---|---|
| 001 | 610050 | ||
| 005 | 20180112050653.0 | ||
| 008 | 911228s1992 flua b 001 0 eng d | ||
| 010 | _a 91230378 | ||
| 020 | _a0873714458 | ||
| 040 |
_aCoDBR _cDLC _dDLC _dWaU |
||
| 041 | _aeng | ||
| 042 | _alccopycat | ||
| 080 | _a639.95 DON | ||
| 082 | 0 | 0 |
_a639.95 DON _220 |
| 100 | 1 | _a9 | |
| 101 | _aSHM | ||
| 245 | 1 | 0 |
_aCreating freshwater wetlands / _cDonald A. Hammer. |
| 504 | _aIncludes bibliographical references (p. [261]-266) and index. | ||
| 906 |
_a7 _bcbc _ccopycat _d2 _encip _f19 _gy-gencatlg |
||
| 942 |
_2ddc _cBK |
||
| 999 |
_c40197 _d40197 |
||